Normal view
MARC view
- Stanely, Sharon.
Entry Personal Name
001 - CONTROL NUMBER
- control field: 37489
003 - CONTROL NUMBER IDENTIFIER
- control field: OSt
005 - DATE AND TIME OF LATEST TRANSACTION
- control field: 20190311110859.0
008 - FIXED-LENGTH DATA ELEMENTS
- fixed length control field: 190311|| aca||aabn | a|a d
040 ## - CATALOGING SOURCE
- Original cataloging agency: OSt
- Transcribing agency: OSt
100 ## - HEADING--PERSONAL NAME
- Personal name: Stanely, Sharon.
670 ## - SOURCE DATA FOUND
- Source citation: Work cat.: (OSt): Stanely, Sharon., Designing and Integrating a Disaster Preparedness Curriculum /, ©2015.
